Choď sa hrať! : Macko Packo, Macko Packo /
Uložené v:
| Hlavný autor: | |
|---|---|
| Ďalší autori: | |
| Médium: | Kniha |
| Jazyk: | Slovak |
| Vydané: |
Bratislava :
Slovart-Print,
2008.
|
| Vydanie: | 1. vyd. |
| Témy: | |
| ISBN: |
9788089242771 (viaz.) |
| Fyzický popis: |
[10] s. : il. ; 14 cm. |
| Tagy: |
Pridať tag
Žiadne tagy, Buďte prvý kto otaguje tento záznam!
|
Titul je dostupný aj v ... 

MARC
| LEADER | 00000nam a22000004a 4500 | ||
|---|---|---|---|
| 001 | 000344607 | ||
| 005 | 20090323102540.0 | ||
| 008 | 090204s2008 xo a a 000 f slo d | ||
| 020 | |a 9788089242771 (viaz.) | ||
| 040 | |a SVKKK |b slo |c SVKKK |e AACR2 | ||
| 041 | 0 | |a slo | |
| 044 | |a xo |c SK | ||
| 072 | 7 | |a 821-93 |x Literatúra pre deti a mládež |2 konspekt | |
| 080 | |a 821-93 |2 2001 | ||
| 080 | |a (0.025.2) |2 2001 | ||
| 100 | 1 | |a Krutop, Lee |4 ill | |
| 245 | 1 | 0 | |a Choď sa hrať! : |b Macko Packo, Macko Packo / |c [ilustrácie Lee Krutop ; verše Mária Štefánková]. |
| 250 | |a 1. vyd. | ||
| 260 | |a Bratislava : |b Slovart-Print, |c 2008. | ||
| 300 | |a [10] s. : |b il. ; |c 14 cm. | ||
| 500 | |a Tvarované kartónové listy | ||
| 500 | |a Obalový názov | ||
| 500 | |a Údaj o il. a aut. prevzatý z tiráže | ||
| 655 | 7 | |a publikácie pre deti |2 SVKKKPH | |
| 655 | 7 | |a leporelá |2 SVKKKPH | |
| 700 | 1 | |a Štefánková, Mária, |d 1951- |4 aut | |
| 910 | |a svkkk | ||
| 919 | |a 978-80-89242-77-1 | ||
| 998 | |a BK | ||
| 090 | |g SCKHL |k Sklad Hlavná 10 prízemie |a I.76711 |j 1004757 |i 2720191370 |s Absenčne | ||